[Event "FIDE World Rapid Team"]
[Site "Almaty KAZ"]
[Date "2024.08.03"]
[Round "5.42"]
[White "Balakirev, Nikoly"]
[Black "Kertaev, Natan"]
[Result "1-0"]
[WhiteElo "1885"]
[BlackElo "1828"]
[WhiteTeam "World Champions Higher School"]
[BlackTeam "Storm of Dragons"]
[WhiteFideId "4192060"]
[BlackFideId "13711555"]
[EventDate "2024.08.02"]

1. c4 Nf6 2. Nc3 b6 3. e4 e5 4. Nf3 Nc6 5. d4 exd4 6. Nxd4 Nxd4 7. Qxd4 Bc5 8.
Qe5+ Qe7 9. Qxe7+ Kxe7 10. Bg5 Re8 11. O-O-O Kf8 12. f3 c6 13. a3 h6 14. Bxf6
gxf6 15. g4 Kg7 16. h4 Kg6 17. Ne2 Be3+ 18. Kc2 d5 19. Rd3 d4 20. Nxd4 Bf4 21.
Nxc6 Be6 22. b3 a6 23. Nd4 b5 24. Nxe6 fxe6 25. Rd7 h5 26. Rg1 Red8 27. gxh5+
Kxh5 28. Rh7+ Bh6 29. Bh3 Rh8 30. Bg4+ Kxh4 31. Rh1+ Kg5 32. R1xh6 1-0

[Event "FIDE World Rapid Team"]
[Site "Almaty KAZ"]
[Date "2024.08.03"]
[Round "5.43"]
[White "Bilguun, Sumiya"]
[Black "Kozganbay, Erkin"]
[Result "1-0"]
[WhiteTitle "GM"]
[BlackTitle "FM"]
[WhiteElo "2470"]
[BlackElo "2293"]
[WhiteTeam "Hunnu Air"]
[BlackTeam "Chess Ratel"]
[WhiteFideId "4901541"]
[BlackFideId "13703773"]
[EventDate "2024.08.02"]

1. e4 c5 2. Nc3 Nc6 3. Bb5 Nd4 4. Nf3 Nxb5 5. Nxb5 d6 6. d4 Nf6 7. Nc3 cxd4 8.
Qxd4 e5 9. Qd3 h6 10. Nd2 Be6 11. Nc4 Be7 12. O-O O-O 13. Rd1 Bxc4 14. Qxc4 Qc8
15. Qd3 Qc6 16. Be3 a6 17. a4 Rac8 18. a5 Qc4 19. Ra4 Qxd3 20. Rxd3 Rc7 21. f3
Rfc8 22. Kf1 Rc4 23. Ra2 Kf8 24. Ke2 Ke8 25. Kd2 d5 26. exd5 Bb4 27. Bb6 Kd7 28.
Ra1 e4 29. fxe4 Nxe4+ 30. Ke2 Bxc3 31. bxc3 Rxc3 32. Bd4 Rxc2+ 33. Kf3 f5 34.
Be3 R8c3 35. Rxc3 Rxc3 36. Ke2 Rc2+ 37. Kf3 Nc3 38. Bd4 g5 39. Bg7 h5 40. h4 g4+
41. Kf4 Nxd5+ 42. Kxf5 Rxg2 43. Kg5 Rd2 44. Kxh5 g3 45. Kg5 g2 46. h5 Ne3 47.
Rg1 Rf2 48. Bd4 Rf5+ 49. Kg6 Rf3 50. Bxe3 Rxe3 51. Rxg2 Re6+ 52. Kf5 Rd6 53. Rh2
Rd5+ 54. Kf6 Rxa5 55. h6 Rc5 56. h7 Rc8 57. Rd2+ 1-0

[Event "FIDE World Rapid Team"]
[Site "Almaty KAZ"]
[Date "2024.08.03"]
[Round "5.44"]
[White "Kassimov, Baurzhan"]
[Black "Munkhdalai, Amilal"]
[Result "1-0"]
[WhiteTitle "IM"]
[BlackTitle "IM"]
[WhiteElo "2260"]
[BlackElo "2374"]
[WhiteTeam "Chess Ratel"]
[BlackTeam "Hunnu Air"]
[WhiteFideId "13704800"]
[BlackFideId "4903250"]
[EventDate "2024.08.02"]

1. e4 c5 2. Nf3 Nc6 3. Bb5 e6 4. Bxc6 bxc6 5. d3 Ne7 6. Ng5 Ng6 7. f4 f6 8. Nh3
Be7 9. O-O O-O 10. Nd2 d5 11. Kh1 Bd6 12. b3 Qc7 13. Qf3 Bd7 14. Bb2 Be8 15. Qe3
Bf7 16. Rae1 e5 17. f5 Ne7 18. c4 a5 19. a4 d4 20. Qe2 g6 21. fxg6 Bxg6 22. g4
Kg7 23. Nf3 Rab8 24. Nh4 Rxb3 25. Bc1 Qd7 26. Nf5+ Kh8 27. Bh6 Rf7 28. Nf2 Ng8
29. Bd2 Rb2 30. Rb1 Ra2 31. Ra1 Rxa1 32. Rxa1 Bf8 33. Rb1 h5 34. Nh4 Bh7 35.
gxh5 Bh6 36. Ng6+ Kg7 37. Rg1 Bxg6 38. Rxg6+ Kh7 39. Ng4 Bxd2 40. Qxd2 Rf8 41.
Qf2 Qe7 42. Qf5 Kh8 43. h6 Qh7 44. h4 Ne7 45. Rxf6 Qxf5 46. exf5 Rxf6 47. Nxf6
Nxf5 48. Ne4 Nxh4 49. Nxc5 Kh7 50. Nb3 e4 51. dxe4 d3 52. Kg1 Nf3+ 53. Kf2 d2
54. Ke2 Kxh6 55. Nxa5 Kg5 56. Nb3 d1=Q+ 57. Kxd1 Kf4 58. a5 Ne5 59. c5 1-0

[Event "FIDE World Rapid Team"]
[Site "Almaty KAZ"]
[Date "2024.08.03"]
[Round "5.45"]
[White "Agibileg, Uurtsaikh"]
[Black "Nukin, Askhat"]
[Result "1/2-1/2"]
[WhiteTitle "IM"]
[BlackTitle "FM"]
[WhiteElo "2411"]
[BlackElo "2268"]
[WhiteTeam "Hunnu Air"]
[BlackTeam "Chess Ratel"]
[WhiteFideId "4901606"]
[BlackFideId "13703625"]
[EventDate "2024.08.02"]

1. d4 f5 2. g3 Nf6 3. Bg2 e6 4. Nf3 d5 5. O-O c6 6. c4 Bd6 7. Qc2 O-O 8. Nc3 Bd7
9. Rb1 Be8 10. cxd5 cxd5 11. Bf4 Bxf4 12. gxf4 Nc6 13. e3 Rc8 14. Rfc1 Nd7 15.
Ng5 Bf7 16. Nxf7 Kxf7 17. Nxd5 exd5 18. Bxd5+ Kf6 19. Bg2 Nb6 20. Qc5 Qe7 21.
Qb5 Qd6 22. a4 Rc7 23. Qe5+ Qxe5 24. fxe5+ Ke6 25. a5 Nd5 26. Bxd5+ Kxd5 27.
Rc5+ Ke6 28. d5+ Kxe5 29. Rbc1 Kd6 30. a6 bxa6 31. Rxc6+ Rxc6 32. Rxc6+ Kxd5 33.
Rc7 g6 34. Rxh7 Rb8 35. Rxa7 Rb6 36. Kg2 Kc4 37. Kg3 Kb3 38. Kf4 Kxb2 39. h4 Kb3
40. h5 gxh5 41. Kxf5 Rb5+ 42. Kf4 a5 43. e4 a4 44. e5 a3 45. e6 a2 46. e7 Rb8
47. Kg5 Re8 48. Rb7+ Kc2 49. Ra7 Kb2 50. Rb7+ Kc2 51. Rc7+ Kb2 52. Rb7+ Kc2 1/2-1/2

[Event "FIDE World Rapid Team"]
[Site "Almaty KAZ"]
[Date "2024.08.03"]
[Round "5.46"]
[White "Ulkhanov, Azamat"]
[Black "Chinguun, Sumiya"]
[Result "0-1"]
[BlackTitle "FM"]
[WhiteElo "2006"]
[BlackElo "2389"]
[WhiteTeam "Chess Ratel"]
[BlackTeam "Hunnu Air"]
[WhiteFideId "13700235"]
[BlackFideId "4902572"]
[EventDate "2024.08.02"]

1. e4 c5 2. Nf3 d6 3. d4 cxd4 4. Nxd4 Nf6 5. Nc3 a6 6. Be2 g6 7. Be3 Bg7 8. Qd2
Bd7 9. Bh6 Bxh6 10. Qxh6 Nc6 11. O-O-O Qa5 12. Nb3 Qb6 13. f3 O-O-O 14. Bc4 Ne5
15. Be2 Be6 16. Nd4 Kb8 17. Nxe6 fxe6 18. Qd2 Rc8 19. f4 Ned7 20. Qd4 Qa5 21.
Bc4 e5 22. fxe5 Nxe5 23. Bb3 Rc5 24. Rhf1 Rhc8 25. Kb1 Nc4 26. Rxf6 exf6 27.
Qxf6 Nxb2 28. Qxd6+ Ka7 29. Kxb2 Qxc3+ 30. Kb1 Qb4 31. e5 a5 32. e6 a4 33. Rd4
Qe1+ 34. Rd1 Qa5 35. Bd5 Qb4+ 36. Bb3 axb3 37. axb3 Qe4 38. Rd2 R8c6 0-1

[Event "FIDE World Rapid Team"]
[Site "Almaty KAZ"]
[Date "2024.08.03"]
[Round "5.47"]
[White "Mungunzul, Bat-Erdene"]
[Black "Gein, Dmitriy"]
[Result "1-0"]
[WhiteTitle "WCM"]
[WhiteElo "2224"]
[BlackElo "1723"]
[WhiteTeam "Hunnu Air"]
[BlackTeam "Chess Ratel"]
[WhiteFideId "4902831"]
[BlackFideId "13781022"]
[EventDate "2024.08.02"]

1. d4 Nf6 2. c4 e6 3. Nf3 b6 4. g3 Bb7 5. Bg2 Be7 6. Nc3 Ne4 7. Bd2 O-O 8. O-O
d6 9. d5 Nxc3 10. Bxc3 e5 11. e4 Bc8 12. Nd2 f5 13. exf5 Bxf5 14. Ne4 Nd7 15. b4
Qe8 16. f4 Qg6 17. Qe2 Rae8 18. fxe5 Nxe5 19. Bxe5 dxe5 20. a3 a5 21. bxa5 bxa5
22. Qe3 Bxe4 23. Bxe4 Qb6 24. Qxb6 cxb6 25. a4 Bc5+ 26. Kg2 Bd4 27. Rab1 g6 28.
d6 Rd8 29. Bd5+ Kg7 30. Rxf8 Rxf8 31. d7 Rd8 32. Bc6 Kf6 33. Rf1+ Ke6 34. Kf3
Kd6 35. Bb5 Rf8+ 36. Ke4 Rd8 37. Rf7 Rh8 38. Rxh7 Rf8 39. Rf7 Rh8 40. Rf6+ Ke7
41. Rxg6 1-0

[Event "FIDE World Rapid Team"]
[Site "Almaty KAZ"]
[Date "2024.08.03"]
[Round "5.48"]
[White "Momyn, Madina"]
[Black "Erkhembayar, Amartaivan"]
[Result "0-1"]
[WhiteElo "1733"]
[BlackElo "1962"]
[WhiteTeam "Chess Ratel"]
[BlackTeam "Hunnu Air"]
[WhiteFideId "13748866"]
[BlackFideId "4904800"]
[EventDate "2024.08.02"]

1. e4 e6 2. d4 d5 3. exd5 exd5 4. Bd3 c5 5. dxc5 Bxc5 6. Nf3 Nf6 7. O-O O-O 8.
Nc3 h6 9. h3 Nc6 10. Bf4 Nb4 11. a3 Nxd3 12. Qxd3 Be6 13. Rad1 Rc8 14. Be5 Re8
15. Nb5 Nd7 16. Bg3 a6 17. Nbd4 Ba7 18. Nxe6 fxe6 19. b4 Qf6 20. Rfe1 Rc3 21.
Qd2 Rec8 22. Ne5 Nf8 23. Rc1 Rxg3 24. Ng4 Qg6 25. Qf4 Rxa3 26. Qd6 h5 27. Ne5
Qe8 28. b5 Bc5 0-1

[Event "FIDE World Rapid Team"]
[Site "Almaty KAZ"]
[Date "2024.08.03"]
[Round "5.1"]
[White "Utegaliyev, Azamat"]
[Black "Ten, Viktor"]
[Result "1/2-1/2"]
[WhiteElo "2418"]
[BlackElo "2236"]
[WhiteTeam "Greco"]
[BlackTeam "Chess Mates"]
[WhiteFideId "13702467"]
[BlackFideId "13700820"]
[EventDate "2024.08.02"]

1. e4 e6 2. d4 d5 3. Nc3 Bb4 4. e5 c5 5. a3 Bxc3+ 6. bxc3 Qc7 7. Qg4 f5 8. exf6
Nxf6 9. Qg3 Qa5 10. Bd2 O-O 11. Qd3 Ne4 12. Nf3 Nc6 13. Be2 Qa4 14. Ra2 Bd7 15.
O-O c4 16. Qe3 Ne7 17. g4 Ng6 18. Ne5 Nxe5 19. dxe5 Nxd2 20. Qxd2 Be8 21. h4 Qd7
22. Kh2 Qe7 23. Kg3 h6 24. h5 Kh8 25. Raa1 Bf7 26. f4 Bg8 27. g5 Bf7 28. Bg4 Be8
29. gxh6 g6 30. hxg6 Bxg6 31. Qh2 Bf5 32. Qh4 Qf7 33. Bxf5 Qxf5 34. Kh2 Qxc2+
35. Rf2 Qf5 36. Rg1 Rg8 37. Rfg2 Rxg2+ 38. Rxg2 Rf8 39. Rg4 Qc2+ 40. Rg2 Qf5 41.
Rg4 Qc2+ 42. Rg2 Qf5 1/2-1/2

[Event "FIDE World Rapid Team"]
[Site "Almaty KAZ"]
[Date "2024.08.03"]
[Round "5.2"]
[White "Bolat, Inayat"]
[Black "Aligozhin, Zhaslan"]
[Result "1-0"]
[WhiteTitle "FM"]
[BlackTitle "FM"]
[WhiteElo "2264"]
[BlackElo "2333"]
[WhiteTeam "Chess Mates"]
[BlackTeam "Greco"]
[WhiteFideId "13733125"]
[BlackFideId "13702734"]
[EventDate "2024.08.02"]

1. e4 c5 2. Nf3 e6 3. d4 cxd4 4. Nxd4 a6 5. c4 Nf6 6. Nc3 Bb4 7. e5 Ne4 8. Qf3
Nxc3 9. bxc3 Be7 10. Qg3 g6 11. Be2 d6 12. Bf4 dxe5 13. Bxe5 Bh4 14. Qf4 Bg5 15.
Qf3 f6 16. Bxb8 Rxb8 17. h4 Bh6 18. h5 e5 19. Nb3 Be6 20. Bd3 f5 21. hxg6 hxg6
22. Nc5 Qe7 23. Nxe6 e4 24. Qg3 exd3 25. Qxb8+ Kf7 26. Qxh8 Qxe6+ 27. Kf1 1-0

[Event "FIDE World Rapid Team"]
[Site "Almaty KAZ"]
[Date "2024.08.03"]
[Round "5.3"]
[White "Askarov, Bakhtiyar"]
[Black "Skak, Abuali"]
[Result "1-0"]
[WhiteTitle "IM"]
[WhiteElo "2280"]
[BlackElo "1969"]
[WhiteTeam "Greco"]
[BlackTeam "Chess Mates"]
[WhiteFideId "13701100"]
[BlackFideId "13739026"]
[EventDate "2024.08.02"]

1. c4 Nf6 2. Nf3 e6 3. g3 d5 4. Bg2 Be7 5. O-O O-O 6. d4 dxc4 7. Qc2 a6 8. Qxc4
b5 9. Qc2 Bb7 10. Bd2 Nbd7 11. Ba5 Bd6 12. Nbd2 Qc8 13. e4 e5 14. Rac1 c5 15.
dxe5 Nxe5 16. Nxe5 Bxe5 17. b3 Bd4 18. e5 Bxg2 19. Kxg2 Ng4 20. Qe4 Nxe5 21. b4
Nc6 22. bxc5 Re8 23. Qd3 Qb7 24. Bb6 Ne5+ 25. Qe4 Qxe4+ 26. Nxe4 Nc4 27. Nc3
Rac8 28. Nd5 Bxc5 29. Bc7 h6 30. h4 Re2 31. a4 Rd2 32. Rfd1 Rxf2+ 33. Kh3 Kh7
34. Bf4 Nb2 35. Rh1 Nxa4 36. Nc7 Bb6 37. Nxa6 Rxc1 38. Rxc1 Bd4 39. Rc7 Kg8 40.
Rc8+ Kh7 41. Rc7 Kg8 42. Rc8+ Kh7 43. Rc7 Bf6 44. h5 Nb6 45. Rxf7 Be5 46. Nc5
Bxf4 47. gxf4 Kg8 48. Rb7 Nd5 49. Ne6 Nxf4+ 50. Kg3 Nxe6 51. Kxf2 Nf4 52. Rxb5
g6 53. hxg6 Nxg6 54. Rb7 Kf8 55. Kf3 Ne7 56. Kf4 Kf7 57. Ke5 h5 58. Kd6 h4 59.
Rxe7+ Kg6 60. Re5 1-0

[Event "FIDE World Rapid Team"]
[Site "Almaty KAZ"]
[Date "2024.08.03"]
[Round "5.4"]
[White "Akhmedya, Madyar"]
[Black "Suleyev, Alen"]
[Result "0-1"]
[BlackTitle "FM"]
[WhiteElo "1786"]
[BlackElo "2084"]
[WhiteTeam "Chess Mates"]
[BlackTeam "Greco"]
[WhiteFideId "13739727"]
[BlackFideId "13707213"]
[EventDate "2024.08.02"]

1. c4 e6 2. Nc3 d5 3. d4 a6 4. Nf3 dxc4 5. a4 Nc6 6. e4 Na5 7. Be2 c5 8. d5 exd5
9. Nxd5 Be6 10. Bg5 Be7 11. Bf4 Bxd5 12. exd5 Bd6 13. Bd2 Nb3 14. Ra2 b5 15. O-O
Ne7 16. Bc3 O-O 17. Qc2 Ng6 18. Bd1 Re8 19. Qf5 b4 20. Bd2 Nh4 21. Bg5 Nxf5 0-1

[Event "FIDE World Rapid Team"]
[Site "Almaty KAZ"]
[Date "2024.08.03"]
[Round "5.5"]
[White "Nasybullina, Alfia"]
[Black "Akhmediyar, Yernur"]
[Result "1-0"]
[WhiteTitle "WIM"]
[WhiteElo "2034"]
[BlackElo "1853"]
[WhiteTeam "Greco"]
[BlackTeam "Chess Mates"]
[WhiteFideId "4132416"]
[BlackFideId "13732129"]
[EventDate "2024.08.02"]

1. Nf3 Nf6 2. d4 e6 3. Bg5 Be7 4. Nbd2 d5 5. e3 c5 6. c3 Nbd7 7. Bd3 b6 8. Ne5
Nxe5 9. dxe5 Nd7 10. Bf4 Bb7 11. Nf3 Qc7 12. h4 h6 13. Qe2 O-O-O 14. h5 Kb8 15.
Bg3 Ka8 16. Bc2 Qc8 17. c4 f6 18. e4 d4 19. exf6 gxf6 20. e5 fxe5 21. Nxe5 Nxe5
22. Bxe5 Rhg8 23. f3 Bg5 24. Bd3 Be3 25. Kd1 Qd7 26. Kc2 Rdf8 27. Bg6 Qa4+ 28.
b3 Qa3 29. Rhf1 Rc8 30. Qd3 a6 31. Rfe1 Bc6 32. Rxe3 dxe3 33. Bb2 Qb4 34. Qxe3
b5 35. Qxe6 Rgd8 36. Bc3 Qa3 37. Be4 Kb7 38. Bb2 Qa5 39. Bc3 Qa3 40. Qe7+ Kb6
41. Qf6 bxc4 42. Bxc6 cxb3+ 43. axb3 Rd2+ 44. Bxd2 1-0

[Event "FIDE World Rapid Team"]
[Site "Almaty KAZ"]
[Date "2024.08.03"]
[Round "5.6"]
[White "Muratova, Saltanat"]
[Black "Kabylbek, Yedil"]
[Result "1/2-1/2"]
[WhiteElo "1845"]
[BlackElo "1857"]
[WhiteTeam "Chess Mates"]
[BlackTeam "Greco"]
[WhiteFideId "13705776"]
[BlackFideId "13744658"]
[EventDate "2024.08.02"]

1. e4 e6 2. d3 d5 3. Nd2 Nf6 4. Ngf3 Nc6 5. e5 Nd7 6. d4 f6 7. exf6 Qxf6 8. c3
Bd6 9. Bd3 e5 10. dxe5 Ndxe5 11. Be2 O-O 12. O-O Bg4 13. Nd4 Bxe2 14. Qxe2 Nxd4
15. cxd4 Ng6 16. Nf3 Qf5 17. Be3 Rae8 18. Qd1 Qh5 19. h3 Nf4 20. Bxf4 Rxf4 21.
Rc1 c6 22. Rc3 h6 23. Rb3 Re7 24. Re1 Rfe4 25. Rbe3 Bf4 26. Rxe4 Rxe4 27. Qc2
Rxe1+ 28. Nxe1 Bd6 29. Nf3 Qf7 30. Qe2 Qf4 31. g3 Qf6 32. Kg2 Qe7 33. Qd3 Qe6
34. h4 Bb8 35. h5 Bd6 36. Nh4 Qg4 37. Qg6 Qxg6 38. Nxg6 Kf7 39. f4 c5 40. dxc5
Bxc5 41. Kf3 Bd4 42. b3 Bf6 43. Ke3 Ke6 44. g4 Kd6 45. Kd3 Kc5 46. Nf8 Kd6 47.
Ng6 b5 48. Nf8 a5 49. Ng6 Kc5 50. Nf8 Kb4 51. Nd7 Bd8 52. Kc2 Bc7 53. Ne5 Ka3 1/2-1/2

[Event "FIDE World Rapid Team"]
[Site "Almaty KAZ"]
[Date "2024.08.03"]
[Round "5.7"]
[White "Wageih, Kareim"]
[Black "Beristenov, Kair"]
[Result "1/2-1/2"]
[WhiteTitle "IM"]
[WhiteElo "2402"]
[BlackElo "1995"]
[WhiteTeam "Egypt"]
[BlackTeam "Future GM"]
[WhiteFideId "10604561"]
[BlackFideId "13777831"]
[EventDate "2024.08.02"]

1. d4 d5 2. Nf3 Nf6 3. c4 c5 4. e3 e6 5. cxd5 exd5 6. Nc3 Nc6 7. Be2 c4 8. O-O
a6 9. Ne5 Bd6 10. Nxc6 bxc6 11. b3 cxb3 12. axb3 Qe7 13. Qc2 O-O 14. Re1 Ng4 15.
h3 Nxf2 16. Kxf2 Qh4+ 17. Kf1 Bg3 18. Rd1 Bxh3 19. Bf3 Bg4 20. Bxg4 Qxg4 21. Qe2
Qh4 22. Qf3 Rfe8 23. Ne2 Bc7 24. g3 Qh2 25. Qg2 Qh5 26. Bd2 Re6 27. Nf4 Rf6 28.
Kg1 Qg4 29. Rf1 g5 30. Ne2 Re6 31. Rf3 f5 32. Raf1 Rf8 33. Qf2 Ref6 34. Kg2 Qe4
35. Nc3 Qe6 36. Qe2 g4 37. R3f2 Rh6 38. Rh1 Bxg3 39. Rff1 Rxh1 40. Rxh1 Bd6 41.
Qxa6 f4 42. exf4 Bxf4 43. Bxf4 Rxf4 44. Qa8+ Kg7 45. Qb7+ Rf7 46. Qb8 Rf3 47.
Qc7+ Rf7 48. Qe5+ Qxe5 49. dxe5 Kg6 50. Re1 Re7 51. Na2 c5 52. Nc3 Kf5 53. Nxd5
Rxe5 54. Rf1+ Kg5 55. Nb6 h5 56. Nc4 Re6 57. Rd1 h4 58. Rd8 Re2+ 59. Kf1 Rc2 60.
Rg8+ Kf4 61. Rf8+ Kg3 62. Ne3 Rc1+ 63. Ke2 h3 64. Nf1+ Kh4 65. Rh8+ Kg5 66. Rg8+
Kh4 67. Rh8+ Kg5 68. Rg8+ Kh4 1/2-1/2

[Event "FIDE World Rapid Team"]
[Site "Almaty KAZ"]
[Date "2024.08.03"]
[Round "5.8"]
[White "Borumbayev, Adil"]
[Black "Wafa, Hamed"]
[Result "1-0"]
[BlackTitle "IM"]
[WhiteElo "1848"]
[BlackElo "2345"]
[WhiteTeam "Future GM"]
[BlackTeam "Egypt"]
[WhiteFideId "13747932"]
[BlackFideId "10628452"]
[EventDate "2024.08.02"]

1. d4 Nf6 2. c4 e6 3. Nc3 Bb4 4. a3 Bxc3+ 5. bxc3 Ne4 6. Qc2 f5 7. Nh3 O-O 8. f3
Nf6 9. e3 Nc6 10. Bd3 d6 11. O-O b6 12. Bd2 Ba6 13. Nf4 Qe7 14. d5 Nd8 15. e4 e5
16. Ne2 f4 17. g3 g5 18. Kf2 Nb7 19. h4 h6 20. Rh1 Kf7 21. Rag1 Rh8 22. gxf4
gxf4 23. Bxf4 exf4 24. Nxf4 Rhg8 25. e5 dxe5 26. Bg6+ Kg7 27. Ne6+ Kh8 28. Qd2
Nh7 29. Qxh6 Rg7 30. Nxg7 Qxg7 31. Qh5 Qe7 32. Bxh7 Qc5+ 33. Kg2 Nd6 34. Kh2
Qf2+ 35. Rg2 1-0

[Event "FIDE World Rapid Team"]
[Site "Almaty KAZ"]
[Date "2024.08.03"]
[Round "5.9"]
[White "Hassan, Sayed Barakat"]
[Black "Zeynyshev, Elnur"]
[Result "1/2-1/2"]
[WhiteTitle "IM"]
[WhiteElo "2279"]
[BlackElo "1812"]
[WhiteTeam "Egypt"]
[BlackTeam "Future GM"]
[WhiteFideId "10600299"]
[BlackFideId "13719386"]
[EventDate "2024.08.02"]

1. e4 c5 2. Nc3 Nc6 3. f4 g6 4. Nf3 Bg7 5. Bb5 Nd4 6. O-O a6 7. Bd3 e6 8. e5 d5
9. Nxd4 cxd4 10. Ne2 Qb6 11. Qe1 Ne7 12. Qf2 Nc6 13. c3 Bd7 14. b3 O-O 15. Nxd4
Nxd4 16. Qxd4 Qxd4+ 17. cxd4 Rfc8 18. a4 b5 19. Bb2 b4 20. Rac1 a5 21. Kf2 Kf8
22. Rc5 Ke8 23. Rfc1 Bf8 24. Rc7 Rxc7 25. Rxc7 Kd8 26. Rc1 1/2-1/2

[Event "FIDE World Rapid Team"]
[Site "Almaty KAZ"]
[Date "2024.08.03"]
[Round "5.10"]
[White "Karepov, Ilya"]
[Black "Sadek, Sameh"]
[Result "0-1"]
[BlackTitle "FM"]
[WhiteElo "1719"]
[BlackElo "2286"]
[WhiteTeam "Future GM"]
[BlackTeam "Egypt"]
[WhiteFideId "13728938"]
[BlackFideId "10602771"]
[EventDate "2024.08.02"]

1. d4 Nf6 2. Bf4 e6 3. e3 Bd6 4. Nf3 Bxf4 5. exf4 O-O 6. Bd3 b6 7. Nbd2 Bb7 8.
Qe2 d6 9. O-O-O Nbd7 10. g4 Nd5 11. f5 Nf4 12. Qe3 Nxd3+ 13. Qxd3 exf5 14. gxf5
Re8 15. Rhg1 Qf6 16. Rg3 Re7 17. Rdg1 Rae8 18. b3 a6 19. h4 Nf8 20. h5 h6 21.
Nh2 Re1+ 22. Kb2 Rxg1 23. Rxg1 Kh8 24. Ng4 Qg5 25. f6 gxf6 26. Rg3 Nh7 27. Nf3
Qf4 28. Qd2 Qxd2 29. Nxd2 Rg8 30. Nxh6 Rxg3 31. fxg3 Ng5 32. c4 Bc8 0-1

[Event "FIDE World Rapid Team"]
[Site "Almaty KAZ"]
[Date "2024.08.03"]
[Round "5.11"]
[White "Wafa, Shrook"]
[Black "Nauanova Zhaniya"]
[Result "1/2-1/2"]
[WhiteTitle "WGM"]
[WhiteElo "2137"]
[BlackElo "1835"]
[WhiteTeam "Egypt"]
[BlackTeam "Future GM"]
[WhiteFideId "10609970"]
[BlackFideId "13780956"]
[EventDate "2024.08.02"]

1. e4 e6 2. d4 d5 3. Nc3 dxe4 4. Nxe4 Nd7 5. Nf3 Ngf6 6. Bd3 Nxe4 7. Bxe4 c5 8.
O-O Nf6 9. Bg5 Be7 10. Bxf6 Bxf6 11. dxc5 Qc7 12. c3 Qxc5 13. Qc2 g6 14. Rad1
O-O 15. Rd2 Rb8 16. Rfd1 b5 17. h4 Qh5 18. g3 e5 19. Nh2 Bg7 20. a4 Be6 21. axb5
Rxb5 22. c4 Rbb8 23. Qa4 Rfc8 24. b3 Bf8 25. Rd3 Qe2 26. Bf3 Qc2 27. Ng4 Bxc4
28. R3d2 Qxb3 29. Qxb3 Bxb3 30. Ra1 e4 31. Nf6+ Kg7 32. Nxe4 Rc7 33. Rb2 a5 34.
Rxa5 Rc1+ 35. Kg2 Rc2 36. Rxc2 Bxc2 37. Ng5 h6 38. Nh3 Bd6 39. Ra7 Bb3 40. Ng1
Be6 41. Ne2 Be5 42. h5 g5 43. Ra5 Bf6 44. g4 Rb2 45. Ra3 Bc4 46. Ng3 Be6 47. Rd3
Rb4 48. Kh3 Rc4 49. Ne4 Rc2 50. Kg2 Rc4 51. Nd6 Rd4 52. Rxd4 Bxd4 53. Be2 Kf8
54. Ne4 Bd5 55. f3 Bxe4 56. fxe4 Ke7 57. Kf3 Kd6 58. Bc4 f6 1/2-1/2

[Event "FIDE World Rapid Team"]
[Site "Almaty KAZ"]
[Date "2024.08.03"]
[Round "5.12"]
[White "Omar, Temirlan"]
[Black "Allam, Yara"]
[Result "0-1"]
[BlackTitle "WCM"]
[WhiteElo "1874"]
[BlackElo "1920"]
[WhiteTeam "Future GM"]
[BlackTeam "Egypt"]
[WhiteFideId "13723960"]
[BlackFideId "10615709"]
[EventDate "2024.08.02"]

1. d4 d5 2. Bf4 Nf6 3. Nf3 c5 4. e3 Nc6 5. Nbd2 Bf5 6. dxc5 e6 7. Nb3 Nd7 8.
Nfd4 Bg6 9. Bb5 Rc8 10. Nxc6 bxc6 11. Ba6 Rb8 12. Bxb8 Qxb8 13. Bd3 Nxc5 14.
Nxc5 Bxc5 15. Rb1 Qe5 16. O-O Bd6 17. g3 Bh5 18. Be2 Bg6 19. Qd4 Qxd4 20. exd4
Kd7 21. Bd3 f5 22. f4 Rb8 23. a3 a5 24. c4 Be7 25. Kf2 Bf6 26. Ke3 Rb3 27. c5
Be8 28. Rfc1 Kc7 29. Rc3 Rb8 30. b4 axb4 31. Rxb4 Ra8 32. a4 Bd7 33. Ra3 Ra5 34.
Rab3 Bc8 35. Bc2 h6 36. Rb1 g5 37. h3 Be7 38. g4 gxf4+ 39. Kxf4 Bg5+ 40. Kf3 Bd2
41. Rb6 fxg4+ 42. hxg4 Bc3 43. Rd1 e5 44. dxe5 Bxe5 45. Rb3 Rxc5 46. Bf5 Ba6 47.
Rh1 Rc4 48. Rxh6 Rxa4 49. Rh7+ Kd6 50. Re3 Rf4+ 51. Kg2 Bf1+ 52. Kg1 Bd4 53. Re7
Bxe3+ 54. Rxe3 d4 55. Re1 Bh3 56. Re6+ Kd5 57. Rg6 c5 58. Kh2 Rxf5 59. gxf5 Bxf5
60. Rg1 d3 61. Kg3 Kd4 62. Kf2 c4 63. Rg5 Be4 64. Ke1 c3 65. Rg3 Bd5 66. Rg4+
Ke3 67. Rg3+ Bf3 0-1

[Event "FIDE World Rapid Team"]
[Site "Almaty KAZ"]
[Date "2024.08.03"]
[Round "5.13"]
[White "Tologon tegin, Semetei"]
[Black "Shonazarov, Orash"]
[Result "0-1"]
[WhiteTitle "IM"]
[BlackTitle "FM"]
[WhiteElo "2337"]
[BlackElo "2277"]
[WhiteTeam "Kyrgyz Chess Academy"]
[BlackTeam "Chess Empire"]
[WhiteFideId "13800574"]
[BlackFideId "13737910"]
[EventDate "2024.08.02"]

1. c4 Nf6 2. Nc3 e5 3. d3 Nc6 4. Nf3 Be7 5. g3 d5 6. cxd5 Nxd5 7. Bg2 Be6 8. O-O
O-O 9. Bd2 Kh8 10. Rc1 f5 11. Na4 e4 12. Ne1 Nf6 13. a3 Nd4 14. Rc3 b5 15. e3
Bb3 16. Rxb3 Nxb3 17. Qxb3 bxa4 18. Qxa4 Rb8 19. Qc2 c5 20. Bc3 Qd7 21. dxe4
fxe4 22. Bxe4 Nxe4 23. Qxe4 Bf6 24. Bxf6 Rxf6 25. Nd3 Qf5 26. Qc4 h6 27. e4 Qh5
28. e5 Rff8 29. Qxc5 Qe2 30. Nb4 Rfe8 31. Qxa7 Qxb2 32. Re1 Ra8 33. Qc5 Qxa3 34.
Re4 Qf3 35. Re1 Qa3 36. Re4 Qb3 37. Re3 Qd1+ 38. Kg2 Ra1 39. Nd3 Qf1+ 40. Kf3
Qh1+ 41. Kg4 Ra4+ 42. Nf4 g5 43. Qc6 Qxc6 0-1

[Event "FIDE World Rapid Team"]
[Site "Almaty KAZ"]
[Date "2024.08.03"]
[Round "5.14"]
[White "Nurgalimov, Chingis"]
[Black "Erzhanov, Arman"]
[Result "1-0"]
[BlackTitle "FM"]
[WhiteElo "2035"]
[BlackElo "2114"]
[WhiteTeam "Chess Empire"]
[BlackTeam "Kyrgyz Chess Academy"]
[WhiteFideId "4194292"]
[BlackFideId "4138821"]
[EventDate "2024.08.02"]

1. e4 c5 2. Nf3 Nf6 3. Nc3 d5 4. exd5 Nxd5 5. Bb5+ Bd7 6. Bxd7+ Qxd7 7. Nxd5
Qxd5 8. d4 e6 9. O-O Nc6 10. dxc5 Qxd1 11. Rxd1 Bxc5 12. Bf4 f6 13. Bd6 Bxd6 14.
Rxd6 Ke7 15. Rad1 Rhd8 16. Rxd8 Nxd8 17. Kf1 Rc8 18. c3 e5 19. Ke2 Ne6 20. g3
Rc6 21. Nh4 g6 22. Ng2 Ra6 23. a3 Rd6 24. Ne3 Rxd1 25. Kxd1 Kd6 26. b4 f5 27.
Nc4+ Kd5 28. Ne3+ Kc6 29. Nc4 e4 30. h4 b5 31. Ne3 f4 32. Ng2 fxg3 33. fxg3 Ng7
34. Ke2 Nf5 35. g4 Nd6 36. Ke3 Kd5 37. Kf4 Nc4 38. h5 gxh5 39. gxh5 h6 40. Kf5
e3 41. Kg6 e2 42. Kxh6 Ke4 43. Ne1 Ke3 44. Kg7 Kf2 45. Nd3+ Ke3 46. Ne1 Kd2 47.
Nf3+ Ke3 48. Ne1 Kd2 49. Nf3+ Ke3 50. Ne1 Nd6 51. Kf6 Ne4+ 52. Ke5 Ng5 53. Kf5
Nf3 54. Ng2+ Kf2 55. Nf4 Ke3 56. Nxe2 Kxe2 57. h6 Nh4+ 58. Kf6 Kd3 59. h7 Nf3
60. h8=Q Nd2 61. Ke6 Nb1 62. Qd4+ Kc2 63. c4 Nxa3 64. c5 Nc4 65. c6 Kb3 66. Qc5
Nb6 67. c7 Ka4 68. Qxb6 axb6 69. c8=Q Kxb4 70. Kd5 Ka3 71. Qa6+ Kb4 72. Kd4 1-0